000 003770000a22001690004500
003 LK-CoMWRAF
008 230817t ||||| |||| 00| 0 eng d
040 _aLK-CoMWRAF
_dLK-CoMWRAF
_eLK-CoMWRAF
041 _aeng
082 _a300
_bPEN
245 _aPenn
_b
260 _aBatticaloa
_bSurya
_1996
300 _ap.59
490 _aVol.1, No.1
650 _awomen
942 _cBK
999 _c2906
_d2906